|
|
|
|
| LEADER |
00000naa2a2200000 4500 |
| 001 |
157787 |
| 005 |
20231031154012.0 |
| 035 |
|
|
|a (RuTPU)RU\TPU\book\171146
|
| 090 |
|
|
|a 157787
|
| 100 |
|
|
|a 20090414d2008 k y0rusy50 ca
|
| 101 |
0 |
|
|a rus
|
| 102 |
|
|
|a RU
|
| 200 |
1 |
|
|a Получение наноструктурных нитридных покрытий вакуумно-дуговым методом при распылении спечных Ti-Al катодов
|f М. И. Лобач, И. М. Гончаренко, О. В. Крысина
|
| 320 |
|
|
|a Библиогр.: 9 назв.
|
| 463 |
|
0 |
|0 (RuTPU)RU\TPU\book\164780
|t Современные проблемы машиностроения
|o труды IV Международной научно-технической конференции, 26-28 ноября 2008 г., Томск
|f Томский политехнический университет (ТПУ)
|v С. 185-189
|d 2008
|p 666 с.
|
| 610 |
1 |
|
|a покрытия
|
| 610 |
1 |
|
|a наноструктурные покрытия
|
| 610 |
1 |
|
|a нитридные покрытия
|
| 610 |
1 |
|
|a катоды
|
| 610 |
1 |
|
|a спечные катоды
|
| 610 |
1 |
|
|a спечные Ti-Al катоды
|
| 610 |
1 |
|
|a вакуумно-дуговое распыление
|
| 610 |
1 |
|
|a вакуумное спекание
|
| 610 |
1 |
|
|a ионно-плазменные методы
|
| 610 |
1 |
|
|a нанокристаллические покрытия
|
| 610 |
1 |
|
|a труды учёных ТПУ
|
| 700 |
|
1 |
|a Лобач
|b М. И.
|
| 701 |
|
1 |
|a Гончаренко
|b И. М.
|
| 701 |
|
1 |
|a Крысина
|b О. В.
|
| 801 |
|
1 |
|a RU
|b 63413507
|c 20090414
|g PSBO
|
| 942 |
|
|
|c BK
|